Novelas ejemplares /

Збережено в:
Бібліографічні деталі
Автор: Cervantes Saavedra, Miguel de (autor)
Формат: Книга
Мова:Іспанська
Опубліковано: México : Editores Mexicanos Unidos, 1989, c1985
Редагування:2a edición
Серія:(Colección Literaria Universal)
Предмети:
Теги: Додати тег
Немає тегів, Будьте першим, хто поставить тег для цього запису!

MARC

LEADER 00000nam^a2200000^a^4500
001 000260999
005 20250521000000.0
009 20260310110455.597
020 |a 968-15-0585-9 
025 |a Donación Jesús Vergara Aceves, 1 ejemplar 
037 |a Acervo Xavier Clavigero 
041 |a ESP 
082 |a 863.  |b CER 
100 |a Cervantes Saavedra, Miguel de  |e (autor) 
240 1 1 |a [Novelas ejemplares] 
240 1 4 |a [La gitanilla] 
240 1 4 |a [El amante liberal] 
240 1 1 |a [Rinconete y Cortadillo] 
240 1 4 |a [La española inglesa] 
240 1 4 |a [El licenciado Vidriera] 
240 1 4 |a [La fuerza de la sangre] 
240 1 4 |a [El celoso extremeño] 
240 1 4 |a [La ilustre fregona] 
240 1 5 |a [Las dos doncellas] 
240 1 4 |a [La señora Cornelia] 
240 1 4 |a [El casamiento engañoso] 
240 1 4 |a [El coloquio de los perros] 
240 1 4 |a [La tía fingida] 
245 1 0 |a Novelas ejemplares /  |c M. de Cervantes Saavedra. 
250 |a 2a edición 
264 4 |a México :  |b Editores Mexicanos Unidos,  |c 1989, c1985 
300 |a 378 p. 
336 |a texto  |b txt  |2 rdacontenido 
337 |a sin mediación  |b n  |2 rdamedio 
338 |a volumen  |b nc  |2 rdasoporte 
440 1 |a (Colección Literaria Universal) 
545 0 |a Miguel de Cervantes Saavedra (Alcalá de Henares, 1547 - Madrid, 1616), principal figura del Siglo de Oro, forma con William Shakespeare la gran dupla incuestionable de la literatura universal. Don Quijote de la Mancha (1605 y 1615), su obra cumbre, es considerada por los críticos una de los textos fundamentales de la literatura, de los mejores jamás escritos y que mayor influencia han ejercido. Renovador de la narrativa de su época, inaugura con Don Quijote la novela moderna, narración polifónica que desmitifica y parodia la tradición caballeresca; su estilo, en apariencia sencillo, se basa en el manejo de numerosas figuras retóricas que permiten dotar al relato de audaces perspectivas y la caracterización de sus personajes es lograda a través de la definición de diversos estilos lingüísticos. Aunque su primera novela, La Galatea (1585), sigue los cánones renacentistas imperantes en su momento para los relatos pastoriles, la colección de doce Novelas ejemplares (1613) y la novela bizantina Los trabajos de Persiles y Sigismunda (firmada tres días antes de su muerte y publicada en 1617), abren nuevas posibilidades a la forma de contar historias, como si se tratara de hechos verdaderos en tiempo y lugares cercanos a los lectores. Prolífico escritor, abarcó diversos géneros: novela, teatro (ocho comedias y dieciséis entremeses), epístola y poesía, mucha de ella intercalada en sus textos en prosa. Además de las obras ya mencionadas, también escribió el poema narrativo Viaje al Parnaso (1614) y la tragedia El cerco de Numancia (1585, también conocida como La Numancia). 
649 |a XX 
650 |a Novela Española 
650 |a Literatura Española -  |y Siglo XVII 
650 |a Literatura Española -  |y Epoca Clásica, 1500-1700 
740 3 |a La jitanilla /  |c M. de Cervantes Saavedra. 
740 3 |a El amante liberal /  |c M. de Cervantes Saavedra. 
740 0 |a Rinconete y Cortadillo /  |c M. de Cervantes Saavedra. 
740 3 |a La española inglesa /  |c M. de Cervantes Saavedra. 
740 3 |a El licenciado Vidriera /  |c M. de Cervantes Saavedra. 
740 3 |a La fuerza de la sangre /  |c M. de Cervantes Saavedra. 
740 3 |a El celoso extremeño /  |c M. de Cervantes Saavedra. 
740 3 |a La ilustre fregona /  |c M. de Cervantes Saavedra. 
740 4 |a Las dos doncellas /  |c M. de Cervantes Saavedra. 
740 3 |a La señora Cornelia /  |c M. de Cervantes Saavedra. 
740 3 |a El casamiento engañoso /  |c M. de Cervantes Saavedra. 
740 3 |a El coloquio de los perros /  |c M. de Cervantes Saavedra. 
740 3 |a La tía fingida /  |c M. de Cervantes Saavedra. 
910 |a Fondo Jesús Vergara Aceves S.J. 
920 |a Impresos - Libros 
930 |a Fondos Especiales 
940 |a Literatura 
905 |a 119 
901 |a 0500133886  |b IT2  |c ESP  |i D  |u 20250521 
902 |a https://opac.biblio.iteso.mx/vufind/Record/000260999